Les trios des enfoirés - Statistiques

Statistiques générales
  • Ce quiz a été pris 59 fois
  • Le résultat moyen est 52 sur 87
Statistiques - réponses
1er(e) chanteur(se) 2e chanteur(se) 3e chanteur(se) Indice Titre % Correct
Garou Maurane Roch Voisine J Le {jour} se lève
93%
Carole Fredericks Jean-Jacques Goldman Michael Jones N {Né} en 17 à Leidenstadt
88%
Patrick Fiori Muriel Robin Roch Voisine G Il y a trop de {gens} qui t'aiment
85%
Calogero Patrick Fiori Chimène Badi L Vivo per {lei}
83%
David Hallyday Patrick Bruel Serge Lama B {Belle}
80%
Alain Souchon Julien Clerc Mireille Mathieu F {Femme} libérée
80%
Carole Fredericks Jean-Jacques Goldman Michael Jones D Je te {donne}
80%
Jean-Jacques Goldman Michael Jones Véronique Sanson T Je {te} donne
80%
Julien Clerc Laâm Marc Lavoine P La fille du {Père} Noël
80%
Garou Patrick Fiori Patricia Kaas C Les lacs du {Connemara}
80%
Alain Souchon Michèle Laroque Zazie B QU'est-ce-que t'es {belle}
80%
Amel Bent Claire Keim Nolwenn Leroy L Si t'étais {là}
80%
Kendji Girac Zazie Soprano A Un {autre} monde
80%
Maurane Liane Foly Véronique Sanson F Une {femme} avec toi
80%
David Hallyday Garou Patricia Kaas V Casser la {voix}
78%
Alizée Maxime Le Forestier Francis Cabrel M Ca va pas changer le {monde}
78%
Jean-Jacques Goldman Serge Lama Marc Lavoine J Elle était si {jolie}
78%
Alain Souchon Vanessa Paradis Laurent Voulzy F {Foule} sentimentale
78%
Isabelle Boulay Patrick Bruel Maurane D Je voulais te {dire} que je t'attends
78%
Jean-Jacques Goldman Yannick Noah Patrick Timsit R La vie ne vaut {rien}
78%
Catherine Lara Jean-Jacques Goldman Patrick Bruel P Le premier {pas}
78%
Francis Cabrel Julien Clerc Roch Voisine B Mon fils, ma {bataille}
78%
Carole Fredericks Jean-Jacques Goldman Michael Jones P {Pas} toi
78%
Alain Souchon Annie Cordy Francis Cabrel H Une belle {histoire}
78%
Marc Lavoine Zazie Elèves du collège de Truchtersheim S A quoi ça {sert} l'amour
75%
Lorie Pester Marc Lavoine Pascal Obispo V Ca c'est {vraiment} toi
75%
Alain Souchon Jean-Louis Aubert MC Solaar J C'est une belle {journée}
75%
Christophe Maé Florent Pagny Patrick Bruel D {Dis}-lui
75%
Khaled Native Michèle Laroque D Donner pour {donner}
75%
Maurane Claire Keim Yannick Noah E {Ecris} l'histoire
75%
Francis Cabrel Karen Mulder Pascal Obispo S Il suffira d'un {signe}
75%
Jean-Louis Aubert Patrick Timsit Zazie N {Noir} c'est noir
75%
Elsa Julien Clerc Jean-Jacques Goldman E Plus près des {étoiles}
75%
Elsa Liane Foly Hélène Ségara P {Pour} que tu m'aimes encore
75%
Karen Mulder Richard Cocciante Sandrine Kiberlain T S'assoir par {terre}
75%
David Hallyday Liane Foly Pascal Obispo S Tous les cris, les {SOS}
75%
Jean-Jacques Goldman Maurane Pascal Obispo A {Ainsi} soit-il
73%
Daniel Lévi Lara Fabian Roch Voisine A {Aller} plus haut
70%
Nolwenn Leroy Claire Keim Shy'm T Faut que j'me {tire} ailleurs
70%
Jean-Jacques Goldman Muriel Robin Maxime Le Forestier M Il est libre {Max}
70%
Catherine Lara Jean-Jacques Goldman Patrick Bruel A {Alors} regarde
68%
Axel Bauer Gérald De Palmas Patrick Fiori C {Capitaine} abandonné
68%
Gérald De Palmas Julien Clerc Michèle Laroque E La fille de l'{été} dernier
68%
Julien Clerc Marc Lavoine Zazie G Le {géant} de papier
68%
Amel Bent Marc Lavoine Christophe Maé L Né en 17 à {Leidenstadt}
68%
Francis Cabrel Yannick Noah Michèle Laroque C Tomber la {chemise}
68%
Dave Maxime Le Forestier Zazie C {Coeur} de loup
65%
David Hallyday Lorie Pester Francis Cabrel R J'en {rêve} encore
65%
Catherine Lara Christophe Willem Patrick Bruel C Le {coeur} volcan
65%
Elsa MC Solaar Zazie L Moi {Lolita}
65%
Karen Mulder Richard Berry Marc Lavoine C {Chacun} fait (c'qui lui plait)
63%
Karen Mulder Roch Voisine Ophélie Winter J {Joue} pas
63%
Pätrick Bruel MC Solaar Zazie L {Louxor} j'adore
63%
Alain Chabat Chantal Lauby Dominique Farrugia B {Besoin} d'amour
60%
Lorie Pester Elodie Fontan Zaz B Laisse {béton}
60%
Doc Gynéco Yannick Noah Laurent Voulzy I Né {ici}
60%
Zazie Pierre Palmade Patrick Timsit P Mon truc en {plumes}
58%
Carole Fredericks Pow-wow Mimie Mathy BW Pas de {Boogie Woogie}
58%
Garou Jean-Jacques Goldman Maxime Le Forestier M Les {murs} de poussière
55%
Elsa Michel Sardou Patrick Bruel M Le chanteur {malheureux}
53%
Francis Cabrel Gérard De Palmas Ophélie Winter I Juste une {illusion}
50%
Maurane Patrick Fiori Patricia Kaas C Ca {commence} comme un rêve d'enfant
48%
Alain Souchon Jane Birkin Julien Clerc J La {Javanaise}
48%
Bénabar Claire Keim Grégoire J Le {jouet} extraordinaire
48%
Nolwenn Leroy Claire Keim Shy'm N {New York} avec toi
48%
Garou Julien Clerc Jean-Jacques Goldman G Qui a tué {grand-maman} ?
45%
Joyce Jonathan Nolwenn Leroy Zazie C {Chère} amie
43%
Garou Jean-Louis Aubert Gad Elmaleh P Fils de {personne}
43%
Alain Souchon Anggun Maxime Le Forestier S Le {Sud}
43%
Florent Pagny Christophe Maé Patrick Bruel D Dis-{lui}
40%
Alain Souchon Patricia Kaas Renaud T Le {tourbillon} de la vie
40%
Carole Fredericks David Hallyday Laâm A J'{attendrai}
35%
Alain Souchon Garou Patrick Timsit M Le {Métèque}
35%
Zazie Jean-Claude Brialy Muriel Robin R La {romance} de Paris
33%
Jenifer Yannick Noah Sandrine Kiberlain B {Bubble} Star
30%
Faudel Patrick Fiori Maxime Le Forestier C La {Corrida}
30%
Anne Sila Camélia Jordana Nolwenn Leroy V {Voilà}
30%
Jean-Jacques Goldman Marc Lavoine Mimie Mathy F La petite {fugue}
25%
Amel Bent Kendji Girac Grégoire C {Cosmo}
23%
Bénabar Gérard Darmon Kad Merad L La {Lettre}
23%
Christophe Maé Jenifer Kad Merad C Le {Chanteur}
23%
Jean-Jacques Goldman Mimie Mathy Yannick Noah H {Hélène}
20%
Jenifer Patrick Fiori Marc Lavoine P Parler à mon {père]
20%
Garou Serge Lama Hélène Ségara A {Amsterdam}
18%
Charlotte Gainsbourg Julien Clerc Francis Cabrel M {Manu}
15%
Julien Clerc Josiane Balasko Axelle Red D {Dactylo} rock
5%
Christophe Maé Patrick Bruel Pascal Obispo F {Formidable}
3%
Aucun quiz correspondant
Distribution des résultats
% des personnes avec chaque résultat
Percentile par nombre de réponses
Votre historique - résultats
Vous n’avez pas pris ce quiz